| 000 | 00433nam a22001577a 4500 | ||
|---|---|---|---|
| 003 | PILC | ||
| 005 | 20170321134301.0 | ||
| 008 | 151009b xxu||||| |||| 00| 0 eng d | ||
| 020 | _a0553297945 | ||
| 050 |
_aPZ 7 _b.W716 1992 |
||
| 100 | _aWilliam, Kate. | ||
| 245 |
_aThe weekend legacy : _bthe untold story / _cKate William. |
||
| 260 |
_aNew York : _bBantam Books, _c1992. |
||
| 300 |
_a345 pages ; _c19 cm. |
||
| 942 |
_2lcc _cBK _kFOR |
||
| 999 |
_c288841 _d288841 |
||